[Event "Steinfurt Bezirksliga 1819"]
[Site "Germany"]
[Date "2018.09.22"]
[Round "2.5"]
[White "Melcher, Guenter Herbert"]
[Black "Carstensen, Jens"]
[Result "1/2-1/2"]
[WhiteElo "1606"]
[BlackElo "1668"]
[PlyCount "79"]
[EventDate "2018.09.01"]
[EventType "team-tourn"]
[EventRounds "10"]
[EventCountry "GER"]
[SourceTitle "EXT 2020"]
[Source "ChessBase"]
[SourceDate "2019.10.17"]
[SourceVersion "1"]
[SourceVersionDate "2019.10.17"]
[SourceQuality "1"]
[WhiteTeam "Steinfurt II"]
[BlackTeam "Neuenkirchen"]
[WhiteTeamCountry "GER"]
[BlackTeamCountry "GER"]

1. d4 d5 2. c4 e6 3. Nf3 c5 4. cxd5 exd5 5. Nc3 Nf6 6. Bg5 Nc6 7. e3 Be7 8. dxc5 Be6 9. Be2 Bxc5 10. 0-0 0-0 11. a3 h6 12. Bh4 Be7 13. Rc1 Rc8 14. Nd4 Qd7 15. Nxe6 fxe6 16. Bxf6 Bxf6 17. Bg4 Qe7 18. Rc2 Rcd8 19. Nb5 e5 20. Re1 Kh8 21. Bf3 Qf7 22. Bh5 g6 23. Bf3 e4 24. Bg4 Ne5 25. Rc7 Be7 26. f4 Nd3 27. Rf1 Qf6 28. Nd4 Rf7 29. Qc2 g5 30. Be6 Rh7 31. f5 Qe5 32. g3 h5 33. Rc8 h4 34. Rxd8+ Bxd8 35. Qc8 Qd6 36. Nb5 Qb6 37. Qc3+ Rg7 38. f6 Bxf6 39. Qxf6 Qxe3+ 40. Kh1 1/2-1/2

[Event "Steinfurt Bezirksliga 1718"]
[Site "Germany"]
[Date "2018.03.17"]
[Round "6.5"]
[White "Melcher, Guenter Herbert"]
[Black "Hartmann, Viktor"]
[Result "1/2-1/2"]
[WhiteElo "1583"]
[BlackElo "1652"]
[PlyCount "105"]
[EventDate "2017.09.23"]
[EventType "team-tourn"]
[EventRounds "7"]
[EventCountry "GER"]
[SourceTitle "EXT 2019"]
[Source "ChessBase"]
[SourceDate "2018.10.10"]
[SourceVersion "1"]
[SourceVersionDate "2018.10.10"]
[SourceQuality "1"]
[WhiteTeam "Steinfurt II"]
[BlackTeam "Ibbenbueren"]
[WhiteTeamCountry "GER"]
[BlackTeamCountry "GER"]

1. d4 d5 2. Nf3 Nf6 3. c4 dxc4 4. Qa4+ c6 5. Qxc4 Nbd7 6. Qc2 g6 7. Nc3 Bg7 8. e3 0-0 9. Be2 Nb6 10. 0-0 Re8 11. Rd1 a6 12. h3 Qc7 13. Bd2 Nbd7 14. Rac1 e5 15. dxe5 Nxe5 16. Nxe5 Qxe5 17. Bf3 Be6 18. Be1 h5 19. b3 g5 20. Na4 g4 21. Bc3 Qg5 22. h4 Qxh4 23. g3 Qg5 24. Bg2 h4 25. Bxf6 Bxf6 26. Qc5 Qg6 27. Qc2 Bf5 28. Qe2 hxg3 29. fxg3 Bg5 30. Rc3 Re7 31. Nc5 Rae8 32. e4 Qf6 33. Qd3 Bg6 34. Rf1 Qe5 35. Rc2 a5 36. Nd7 Qc7 37. Nf6+ Bxf6 38. Rxf6 Bxe4 39. Bxe4 Rxe4 40. Rh6 Kg7 41. Rh5 f6 42. Re2 Qe7 43. Rf2 b6 44. Qd2 Re3 45. Qd4 Re4 46. Qd2 Rg8 47. Qh6+ Kf7 48. Rhf5 Re6 49. Qh5+ Rg6 50. Rg5 f5 51. Rfxf5+ Kg7 52. Re5 Qf7 53. Ref5 1/2-1/2

[Event "Steinfurt Bezirksliga 1516"]
[Site "Germany"]
[Date "2015.12.19"]
[Round "4.8"]
[White "Melcher, Guenter Herbert"]
[Black "Wissing, Philipp"]
[Result "1/2-1/2"]
[WhiteElo "1598"]
[BlackElo "1754"]
[PlyCount "60"]
[EventDate "2015.09.19"]
[EventType "team-tourn"]
[EventRounds "9"]
[EventCountry "GER"]
[SourceTitle "EXT 2017"]
[Source "ChessBase"]
[SourceDate "2016.10.25"]
[SourceVersion "1"]
[SourceVersionDate "2016.10.25"]
[SourceQuality "1"]
[WhiteTeam "Steinfurt II"]
[BlackTeam "Emsdetten Rochade III"]
[WhiteTeamCountry "GER"]
[BlackTeamCountry "GER"]

1. d4 d5 2. c4 c6 3. Nc3 dxc4 4. a4 e5 5. e3 Be6 6. Nf3 exd4 7. Nxd4 Bb4 8. Nxe6 Qxd1+ 9. Kxd1 fxe6 10. Bxc4 Ke7 11. e4 Nf6 12. f3 Nbd7 13. Ke2 Rad8 14. Bf4 Nb6 15. Bb3 h6 16. Rhd1 Rd7 17. Rxd7+ Nbxd7 18. Rd1 e5 19. Be3 Nc5 20. Bc2 Nfd7 21. Na2 a5 22. Nxb4 axb4 23. b3 Rd8 24. Bd2 Na6 25. g4 g5 26. h4 Rg8 27. Rh1 Ndc5 28. hxg5 hxg5 29. Rh7+ Kf6 30. Be3 Kg6 1/2-1/2

[Event "Steinfurt Bezirksliga 1415"]
[Site "Germany"]
[Date "2015.05.09"]
[Round "9.4"]
[White "Melcher, Guenter Herbert"]
[Black "Boerger, Andreas1111"]
[Result "1/2-1/2"]
[WhiteElo "1617"]
[BlackElo "1666"]
[PlyCount "20"]
[EventDate "2014.09.06"]
[EventType "team-tourn"]
[EventRounds "9"]
[EventCountry "GER"]
[SourceTitle "EXT 2016"]
[Source "ChessBase"]
[SourceDate "2015.10.08"]
[SourceVersion "1"]
[SourceVersionDate "2015.10.08"]
[SourceQuality "1"]
[WhiteTeam "Steinfurt II"]
[BlackTeam "Reckenfeld"]
[WhiteTeamCountry "GER"]
[BlackTeamCountry "GER"]

1. d4 Nf6 2. c4 g6 3. Nc3 Bg7 4. e4 d6 5. f3 0-0 6. Bd3 e5 7. d5 a5 8. Nge2 Na6 9. Bg5 Qe8 10. Qd2 Nd7 1/2-1/2

[Event "Steinfurt Bezirksliga 1314"]
[Site "Germany"]
[Date "2014.03.22"]
[Round "7.4"]
[White "Melcher, Guenter Herbert"]
[Black "Fehlings, Gerd"]
[Result "1-0"]
[WhiteElo "1633"]
[BlackElo "1719"]
[PlyCount "79"]
[EventDate "2013.09.14"]
[EventType "team-tourn"]
[EventRounds "9"]
[EventCountry "GER"]
[SourceTitle "EXT 2015"]
[Source "ChessBase"]
[SourceDate "2014.11.20"]
[SourceVersion "1"]
[SourceVersionDate "2014.11.20"]
[SourceQuality "1"]
[WhiteTeam "Steinfurt II"]
[BlackTeam "Emsdetten Rochade II"]
[WhiteTeamCountry "GER"]
[BlackTeamCountry "GER"]

1. d4 e6 2. c4 d5 3. Nc3 c6 4. Nf3 Bd6 5. e3 f5 6. Be2 Nf6 7. 0-0 0-0 8. c5 Bc7 9. b4 Nbd7 10. b5 Ne4 11. Qc2 Ndf6 12. bxc6 Nxc3 13. Qxc3 bxc6 14. Rb1 Rb8 15. Rxb8 Bxb8 16. Qb3 Bd7 17. Bd2 Ne4 18. Rb1 Nxd2 19. Nxd2 Bc7 20. f4 Qb8 21. Qb7 Rc8 22. Qa6 Qa8 23. Rb7 Be8 24. Rxa7 Qb8 25. Rb7 Qa8 26. Qxa8 Rxa8 27. Rxc7 Rxa2 28. Nc4 dxc4 29. Bxc4 Ra3 30. Bxe6+ Kf8 31. Kf2 h5 32. Bxf5 Ra2+ 33. Kf3 Bf7 34. Be4 Bc4 35. Bxc6 Bf1 36. Kg3 h4+ 37. Kh3 Ra3 38. Rc8+ Kf7 39. Re8 Rc3 40. Re5 1-0

[Event "Steinfurt Bezirksliga 1011"]
[Site "Germany"]
[Date "2011.02.12"]
[Round "5.3"]
[White "Miethe, Christoph"]
[Black "Melcher, Guenter Herbert"]
[Result "1/2-1/2"]
[WhiteElo "1663"]
[BlackElo "1667"]
[PlyCount "34"]
[EventDate "2010.10.02"]
[EventType "team-tourn"]
[EventRounds "9"]
[EventCountry "GER"]
[SourceTitle "EXT 2012"]
[Source "ChessBase"]
[SourceDate "2011.11.24"]
[SourceVersion "1"]
[SourceVersionDate "2011.11.24"]
[SourceQuality "1"]
[WhiteTeam "Neuenkirchen II"]
[BlackTeam "Steinfurt III"]
[WhiteTeamCountry "GER"]
[BlackTeamCountry "GER"]

1. e4 c5 2. c3 Nc6 3. d4 cxd4 4. cxd4 d6 5. Nf3 Nf6 6. d5 Ne5 7. Nxe5 dxe5 8. Nc3 e6 9. Bb5+ Bd7 10. dxe6 fxe6 11. Bxd7+ Qxd7 12. Qxd7+ Kxd7 13. 0-0 Bb4 14. Rd1+ Ke7 15. f3 Rhd8 16. Be3 Bxc3 17. bxc3 b6 1/2-1/2

[Event "Steinfurt Bezirksliga 0809"]
[Site "Germany"]
[Date "2008.12.20"]
[Round "4.1"]
[White "Hartmann, Viktor"]
[Black "Melcher, Guenter Herbert"]
[Result "1-0"]
[WhiteElo "1741"]
[BlackElo "1683"]
[PlyCount "67"]
[EventDate "2008.09.27"]
[EventType "team-tourn"]
[EventRounds "9"]
[EventCountry "GER"]
[SourceTitle "EXT 2010"]
[Source "ChessBase"]
[SourceDate "2010.11.25"]
[SourceVersion "1"]
[SourceVersionDate "2010.11.25"]
[SourceQuality "1"]
[WhiteTeam "Ibbenbueren II"]
[BlackTeam "Steinfurt III"]
[WhiteTeamCountry "GER"]
[BlackTeamCountry "GER"]

1. d4 Nf6 2. c4 g6 3. Nf3 Bg7 4. Nc3 0-0 5. h3 d6 6. Bf4 Nbd7 7. e3 a6 8. Be2 c5 9. 0-0 cxd4 10. exd4 b6 11. Re1 Re8 12. Rc1 Bb7 13. b3 Rc8 14. Qd2 e5 15. dxe5 dxe5 16. Be3 Qe7 17. Red1 Nc5 18. Qd6 Qc7 19. b4 Ncd7 20. Qxc7 Rxc7 21. Na4 Re6 22. Ng5 Rec6 23. Bf3 e4 24. Nxe4 Nxe4 25. Bxe4 Re6 26. Bd5 Re8 27. Nxb6 Nf6 28. Bxb7 Rxb7 29. c5 Bf8 30. a4 Reb8 31. a5 Kg7 32. g4 h6 33. c6 Rxb6 34. axb6 1-0

[Event "Steinfurt Bezirksliga 0809"]
[Site "Germany"]
[Date "2008.10.25"]
[Round "2.1"]
[White "Keller, Hansjuergen"]
[Black "Melcher, Guenter Herbert"]
[Result "1/2-1/2"]
[WhiteElo "1629"]
[BlackElo "1683"]
[PlyCount "47"]
[EventDate "2008.09.27"]
[EventType "team-tourn"]
[EventRounds "9"]
[EventCountry "GER"]
[SourceTitle "EXT 2010"]
[Source "ChessBase"]
[SourceDate "2010.11.25"]
[SourceVersion "1"]
[SourceVersionDate "2010.11.25"]
[SourceQuality "1"]
[WhiteTeam "Nordwalde II"]
[BlackTeam "Steinfurt III"]
[WhiteTeamCountry "GER"]
[BlackTeamCountry "GER"]

1. d4 Nf6 2. Nf3 g6 3. Bf4 Bg7 4. e3 0-0 5. Be2 d6 6. h3 Nbd7 7. 0-0 Nh5 8. Bh2 e5 9. c4 exd4 10. exd4 Nhf6 11. Nc3 b6 12. Qd2 Bb7 13. Rac1 Ne4 14. Nxe4 Bxe4 15. Ne1 Qf6 16. Bf3 Bxf3 17. Nxf3 h6 18. Rfe1 Rae8 19. Rxe8 Rxe8 20. Re1 Rxe1+ 21. Qxe1 Kf8 22. b3 Qf5 23. Qd1 Qa5 24. a4 1/2-1/2

[Event "Muensterland Verbandsklasse-B 0506"]
[Site "Germany"]
[Date "2006.01.21"]
[Round "5.6"]
[White "Berau, Juergen"]
[Black "Melcher, Guenter Herbert"]
[Result "1/2-1/2"]
[WhiteElo "1695"]
[BlackElo "1754"]
[PlyCount "40"]
[EventDate "2005.09.03"]
[EventType "team"]
[EventRounds "9"]
[EventCountry "GER"]
[SourceTitle "EXT 2006"]
[Source "ChessBase"]
[SourceDate "2005.11.24"]
[SourceVersion "1"]
[SourceVersionDate "2005.11.24"]
[SourceQuality "1"]
[WhiteTeam "Luedinghausen"]
[BlackTeam "Steinfurt"]
[WhiteTeamCountry "GER"]
[BlackTeamCountry "GER"]

1. Nf3 Nf6 2. c4 g6 3. g3 Bg7 4. Bg2 0-0 5. 0-0 d6 6. d3 e5 7. e4 Nc6 8. Nbd2 a5 9. h3 Nb4 10. Qb3 c5 11. a3 a4 12. Qc3 Nc6 13. b4 axb3 14. Nxb3 Ra6 15. Bd2 Nh5 16. Rfb1 f5 17. Bg5 Qc7 18. Qc1 f4 19. g4 Nf6 20. Bxf6 Bxf6 1/2-1/2

[Event "Muensterland Verbandsklasse-B 0506"]
[Site "Germany"]
[Date "2005.09.24"]
[Round "1.6"]
[White "Koetter, Volkmar"]
[Black "Melcher, Guenter Herbert"]
[Result "1-0"]
[WhiteElo "1763"]
[BlackElo "1754"]
[PlyCount "49"]
[EventDate "2005.09.03"]
[EventType "team"]
[EventRounds "9"]
[EventCountry "GER"]
[SourceTitle "EXT 2006"]
[Source "ChessBase"]
[SourceDate "2005.11.24"]
[SourceVersion "1"]
[SourceVersionDate "2005.11.24"]
[SourceQuality "1"]
[WhiteTeam "Westerkappeln"]
[BlackTeam "Steinfurt"]
[WhiteTeamCountry "GER"]
[BlackTeamCountry "GER"]

1. e4 c5 2. Nc3 Nc6 3. g3 d6 4. Bg2 Nf6 5. f4 Bg4 6. Nf3 Nd4 7. h3 Nxf3+ 8. Bxf3 Bxf3 9. Qxf3 e5 10. d3 Qb6 11. Rb1 Be7 12. Be3 0-0 13. f5 Qc6 14. g4 h6 15. h4 Nh7 16. Nd5 Bd8 17. g5 hxg5 18. hxg5 Nxg5 19. Bxg5 f6 20. Be3 Qa4 21. Kd2 c4 22. Rbg1 cxd3 23. Rxg7+ Kxg7 24. Qg4+ Kf7 25. Qg6# 1-0

[Event "Muensterland Verbandsklasse-B 0405"]
[Site "Muensterland"]
[Date "2004.11.27"]
[Round "4.5"]
[White "Rogowski, Friedrich"]
[Black "Melcher, Guenter Herbert"]
[Result "1/2-1/2"]
[WhiteElo "1710"]
[BlackElo "1776"]
[PlyCount "77"]
[EventDate "2004.09.11"]
[EventType "team"]
[EventRounds "9"]
[EventCountry "GER"]
[SourceTitle "EXT 2006"]
[Source "ChessBase"]
[SourceDate "2005.11.24"]
[SourceVersion "1"]
[SourceVersionDate "2005.11.24"]
[SourceQuality "1"]
[WhiteTeam "Saerbeck II"]
[BlackTeam "Steinfurt"]
[WhiteTeamCountry "GER"]
[BlackTeamCountry "GER"]

1. e4 c5 2. Nf3 d6 3. Bb5+ Nc6 4. Bxc6+ bxc6 5. h3 e5 6. d3 Nf6 7. 0-0 Be7 8. Nbd2 0-0 9. Nc4 h6 10. b3 Nh7 11. Ne3 Ng5 12. Nxg5 Bxg5 13. Nf5 Bxc1 14. Rxc1 Bxf5 15. exf5 Qd7 16. Qh5 f6 17. f4 Qf7 18. Qf3 Qd5 19. fxe5 Qxf3 20. Rxf3 fxe5 21. Rcf1 Rf6 22. g4 Raf8 23. Kg2 g6 24. fxg6 Rxf3 25. Rxf3 Rxf3 26. Kxf3 Kg7 27. h4 Kxg6 28. Ke3 Kf6 29. a3 a5 30. c3 d5 31. Kf3 Kg6 32. Ke2 Kf6 33. a4 Kg6 34. b4 cxb4 35. cxb4 axb4 36. a5 b3 37. Kd2 e4 38. a6 e3+ 39. Kxe3 1/2-1/2